000 01021nam a22002537a 4500
003 PE SENCICO BE
005 20251020182707.0
008 240304b |||||||| |||| 00| 0 eng d
040 _aPE SENCICO BE
_cPE SENCICO BE
041 _aspa
084 _aI
_aDIS
_a1999
_bO86
100 1 _92004
_aOtero Villanueva, Camila
_eautor
245 1 _aVivienda uni - familiar /
_cCamila Otero Villanueva
260 _aLima :
_c1999
300 _a2 h. :
_bil. ;
_c30 x 40 cm.
502 _aMonografía de Titulación.-- Servicio Nacional de Capacitación para la Industria de la Construcción. Escuela Superior Técnica. Carrera Profesional Técnica en Diseño de Interiores, 1999
650 1 0 _944
_aDiseño de interiores
650 2 0 _91628
_aViviendas unifamiliares
650 2 0 _9199
_aDistribución de espacios (viviendas)
650 2 0 _9863
_aPresupuestos de obra
710 1 _aServicio Nacional de Capacitación para la Industria de la Construcción.
_bEscuela Superior Técnica
_91065
910 _bhfp
_chfp
942 _cMON
999 _c4977
_d4977